Score 0/20 Timer 04:00
0 Plays Today
Hint Answer % Correct
These _____ Were Made for WalkingBoots
96.2%
Walk on the Wild _____Side
95.7%
Walk Like an _____Egyptian
93.9%
I Walk the _____Line
93.2%
Walk _____ WayThis
91.7%
_____ Is Running OutTime
89.7%
_____ to RunBorn
87.7%
Walking on _____Sunshine
83.2%
Walk _____Away
74.1%
Walk of _____Life
53.2%
Hint Answer % Correct
Walkin' After _____Midnight
49.2%
Run the _____ (Girls)World
38.1%
Run This _____Town
34.2%
Young _____ Run FreeHearts
30.2%
You _____ RunBetter
26.8%
_____ Hearts Run Out of TimeWild
21.9%
Run with the _____Wolves
11.1%
_____ on the RunAlways
8.4%
_____ the RunnerShoot
8.1%
_____ WalkBird
4.2%

Today's Daily Dose

Remove Ads.
Support Sporcle.
Get the best of Sporcle when you Go Orange. This ad-free experience offers more features, more stats, and more fun while also helping to support Sporcle. Thank you for becoming a member.

You're not logged in!

Compare scores with friends on all Sporcle quizzes.
OR
Log In

Show Comments

Extras

Top Quizzes Today


Score Distribution

Your Account Isn't Verified!

In order to create a playlist on Sporcle, you need to verify the email address you used during registration. Go to your Sporcle Settings to finish the process.

Report this User

Report this user for behavior that violates our Community Guidelines.

Details: